| 000 | 00556nam a2200193Ia 4500 | ||
|---|---|---|---|
| 003 | OSt | ||
| 005 | 20230412150239.0 | ||
| 008 | 210423s2005 xx 000 0 und d | ||
| 040 | _cAL | ||
| 041 | _aeng | ||
| 082 |
_a616.89 _223 _bDRAB |
||
| 100 |
_aDRAPER (Brian);others. _987175 |
||
| 245 | _aPsychogeriatric service delivery: international perspective. | ||
| 260 |
_bOxford University Press _c2005 |
||
| 300 | _axix,362 | ||
| 365 |
_b3887 _cINR |
||
| 906 | _adelivery: ; international ; perspective. ; Psychogeriatric ; service | ||
| 942 |
_2ddc _cBK |
||
| 999 |
_c157267 _d157267 |
||